000 00569nam a22002297a 4500
003 UA-OsUOA
001 98915
007 ta
008 20130422b un ||||| |||| 00| 0 ukr d
100 _aРейтер К.
090 _a821.161.1
_bР35
942 _cBK
040 _aUA-OsUOA
_brus
_cUA-OsUOA
_dUA-OsUOA
245 _aШельмуфский
300 _a213 с.
955 _a3
041 _arus
080 _a821.161.1
260 _aМ.
_bНаука
_c1972
650 7 _a82 Література. Літературознавство
_2UDC
999 _c384845
_d384845